| 000 | 00888cam a22002891 4500 | ||
|---|---|---|---|
| 001 | 6797 | ||
| 003 | BD-RjUL | ||
| 005 | 20211208234320.0 | ||
| 008 | 140112m19581966gw b 001 0 eng | ||
| 035 | _a(BD-RjUL)6839 | ||
| 035 | _a(OCoLC)1041786 | ||
| 040 |
_aDLC _cOYU _dOCoLC _dDLC _dBD-RjUL _beng |
||
| 041 | _aeng | ||
| 082 |
_a512.89 _bBRS 1966 |
||
| 100 | 1 |
_aBruck, Richard Hubert _921366 |
|
| 245 | 1 | 2 |
_aA survey of binary systems / _cRichard Hubert Bruck |
| 260 |
_aBerlin : _bSpringer, _cc1958 [Printing 1966]. |
||
| 300 |
_a185 p. ; _c24 cm. |
||
| 504 | _aIncludes bibliography and index. | ||
| 650 | 0 |
_aAlgebra, Abstract. _921368 |
|
| 650 | 0 |
_aGroup theory. _920343 |
|
| 650 | 0 |
_aBinary system (Mathematics) _921369 |
|
| 942 |
_2ddc _cBK |
||
| 999 |
_c6797 _d6797 |
||